000 00249nam a22001097a 4500
008 170118b xxu||||| |||| 00| 0 eng d
020 _a0201126524
041 _aeng
080 _a618.2
245 _aADULT HEALTH NURSING
_cKNEISL, C.R
942 _2udc
_cBK
999 _c3089
_d3089